| 000 | 00746nam a22001577a 4500 | ||
|---|---|---|---|
| 003 | OSt | ||
| 005 | 20230313165728.0 | ||
| 008 | 151112b xxu||||| |||| 00| 0 eng d | ||
| 040 | _cRUA | ||
| 082 |
_aFOR _2VIN 2008 B135 Or.1 |
||
| 100 |
_93622 _aVIN, SERY PHEAP. |
||
| 245 | _aStudy on the situation of forest management in community phum chearearphaear district kampong chhnang province, សិក្សាពីស្ថានភាពគ្រប់គ្រងព្រៃឈើសហគមន៍ភូមិជារៅ នៅឃុំរលាប្អៀរ ស្រុករលាប្អៀរ ខេត្តកំពង់ឆ្នាំង | ||
| 260 |
_aPhnom Penh _bRUA _c2008 |
||
| 300 |
_axiii; 46p. _bill. _c29cm. |
||
| 942 |
_2ddc _cFOR |
||
| 999 |
_c3373 _d3373 |
||